LEADER 00863nam0-22003251i-450- 001 990001618910403321 005 20070418114453.0 035 $a000161891 035 $aFED01000161891 035 $a(Aleph)000161891FED01 035 $a000161891 100 $a20030910d1891----km-y0itay50------ba 101 0 $afre 102 $aFR 200 1 $aSophistication et analyse des vins$fE.J. Armand Gautier 210 $aParis$cBaillière$d1891 215 $a356 p.$d18 cm 610 0 $aVini 610 0 $aEnologia 610 0 $aAlimenti$aControllo 676 $a663.2 676 $a664.07 700 1$aGautier,$bÉmile Justin Armand$0427396 801 0$aIT$bUNINA$gRICA$2UNIMARC 901 $aBK 912 $a990001618910403321 952 $a60 543.1 C 6$b2952$fFAGBC 959 $aFAGBC 996 $aSophistication et analyse des vins$9369523 997 $aUNINA